书目信息 |
| 题名: |
谁能当中国的企业家
|
|
| 作者: | 辛向阳 著 | |
| 分册: | ||
| 出版信息: | 南昌 江西人民出版社 1999.10 |
|
| 页数: | 309页 | |
| 开本: | 32开 | |
| 丛书名: | ||
| 单 册: | ||
| 中图分类: | F272.9 | |
| 科图分类: | ||
| 主题词: | 企业经济 | |
| 电子资源: | ||
| ISBN: | 7-210-02180-9 | |
| 000 | 00558nam0 2200193 45 | |
| 001 | 0011181052 | |
| 005 | 20001118105718.2 | |
| 010 | @a7-210-02180-9@d19.80元 | |
| 100 | @a20001118d1999 km y0chiy0120 ea | |
| 101 | 0 | @achi |
| 105 | @a z 000yy | |
| 200 | 1 | @a谁能当中国的企业家@AShui Neng Dang Zhong Guo De Qi Ye Jia@f辛向阳著@FXin Xiang Yang Zhu |
| 210 | @a南昌@c江西人民出版社@d1999.10 | |
| 215 | @a309页@d32开 | |
| 606 | 0 | @a企业经济 |
| 690 | @aF272.9@v3 | |
| 701 | 0 | @a辛向阳@4著 |
| 801 | @aCN@bPftUser@c20001118 | |
| 905 | @b412539-543@dF272.9@eX928@f5 | |
| 谁能当中国的企业家/辛向阳著.-南昌:江西人民出版社,1999.10 |
| 309页;32开 |
| ISBN 7-210-02180-9:19.80元 |
| ● |
| 相关链接 |
|
|
|
正题名:谁能当中国的企业家
索取号:F272.9/X928
 
预约/预借
| 序号 | 登录号 | 条形码 | 馆藏地/架位号 | 状态 | 备注 |
| 1 | 412540 | 204125400 | 社科二线422/422社科库 27排2列1层/ [索取号:F272.9/X928] | 在馆 | |
| 2 | 412541 | 204125419 | 社科库409/409社科库 88排4列3层/ [索取号:F272.9/X928] | 在馆 | |
| 3 | 412542 | 204125428 | 社科二线422/422社科库 27排2列1层/ [索取号:F272.9/X928] | 在馆 | |
| 4 | 412543 | 204125437 | 社科二线422/422社科库 27排2列1层/ [索取号:F272.9/X928] | 在馆 |